000 00762nam a2200253Ia 4500
003 OSt
005 20221005103241.0
006 a|||||r|||| 00| 0
007 ta
008 221004b |||||||| |||| 00| 0 hin d
024 _a118962
037 _cTextual
040 _aCRL
_cCRL
_bhin
041 _2hin
_ahin
082 _aO152,1N24x, P6
100 _aखंडेलवाल, गुलाब
245 0 _aकालजयी
246 _aKālajayī
260 _aकोलकाता
_bअर्चना भारत
_c2006
300 _a214पृ0
_ccm.
650 _aहिन्दी साहित्य
942 _hO152,1N24x, P6
_cTEXL
_2cc
999 _c1009689
_d1009689